000 01039nam a22003017a 4500
003 CHAP
005 20220329134908.0
008 971013s1985 r 00010 d
010 _a27688
011 _a28660
035 _a32767
040 _cCHAP
082 _a630.72
_bI48c
110 _aINIA. México. Campo Agrícola Experimental Región Caborca
_958507
245 _aGuía para la asistencia técnica agrícola área de influencia del Campo...
260 _aCaborca, Son. :
_bEl Instituto,
_c1985
300 _a103 p.
_b: ilus
590 _aBATCH-UPD
_b10
_c20130110
_lUCH01
_h1016
590 _aBATCH-UPD
_b10
_c20130410
_lUCH01
_h0623
590 _aBATCH-UPD
_b10
_c20130913
_lUCH01
_h2119
590 _aCONVERSION
_b10
_c20130109
_lUCH01
_h1316
650 1 4 _aAgricultura
_xInvestigación
_xSonora.
_91676
650 1 4 _aAgricultura
_xSonora.
_91824
901 _aBK
942 _cLIBRO
949 _a630.72 I48c
_bBC
_cC
_d33724000526471
_eC
_fc.2
_h71472
_i32767
_mD
_si
949 _a630.72 I48c
_bBC
_cC
_d33724000563193
_eC
_h71471
_i32767
_mD
_si
999 _c27688
_d27688